[Event "Paul Keres Memorial-U20 Girls 2020"]
[Site "Parnu"]
[Date "2020.07.30"]
[Round "4.2"]
[White "Limanovska, Elizabete"]
[Black "Norlamo, Sarabella"]
[Result "1-0"]
[WhiteElo "2179"]
[BlackElo "2023"]
[Annotator "ChessBase"]
[PlyCount "109"]
[EventDate "2020.07.27"]
[EventType "tourn"]
[EventCountry "EST"]
[SourceTitle "playchess.com"]
[Source "ChessBase"]
[SourceQuality "1"]
[TimeControl "5400+30"]

1. e4 {[%emt 0:00:00]} e5 {[%emt 0:00:00]} 2. Nf3 {[%emt 0:00:00]} Nc6 {[%emt 0:00:00]} 3. Bc4 {[%emt 0:00:00]} Nf6 {[%emt 0:00:00]} 4. d3 {[%emt 0:00:00]} Be7 {[%emt 0:00:11]} 5. O-O {[%emt 0:00:00]} O-O {[%emt 0:00:07]} 6. Re1 {[%emt 0:00:26]} d6 {[%emt 0:00:37]} 7. a4 {[%emt 0:00:26]} Be6 {[%emt 0:02:53]} 8. Nbd2 {[%emt 0:00:36]} Nd7 {[%emt 0:17:29]} 9. c3 {[%emt 0:04:53]} a5 {[%emt 0:01:55]} 10. b3 {[%emt 0:20:02]} Qe8 {[%emt 0:07:19]} 11. Nf1 {[%emt 0:01:41]} Bxc4 {[%emt 0:04:58]} 12. bxc4 {[%emt 0:00:10]} f5 {[%emt 0:03:25]} 13. exf5 {[%emt 0:03:17]} Rxf5 {[%emt 0:00:07]} 14. Ne3 {[%emt 0:00:09]} Rf8 {[%emt 0:02:01]} 15. Nd5 {[%emt 0:00:31]} Bd8 {[%emt 0:11:35]} 16. Rb1 {[%emt 0:08:45]} b6 {[%emt 0:03:48]} 17. Be3 {[%emt 0:01:27]} Ne7 {[%emt 0:03:52]} 18. Nxe7+ {[%emt 0:04:39]} Bxe7 {[%emt 0:02:30]} 19. d4 {[%emt 0:02:40]} Rd8 {[%emt 0:08:38]} 20. Qe2 {[%emt 0:07:35]} Qh5 {[%emt 0:04:14]} 21. Rb5 {[%emt 0:08:25]} Rf5 {[%emt 0:05:46]} 22. Qc2 {[%emt 0:08:56]} Rdf8 {[%emt 0:02:40]} 23. Nd2 {[%emt 0:06:30]} Bg5 {[%emt 0:05:30]} 24. f3 {[%emt 0:06:07]} Bxe3+ {[%emt 0:02:00]} 25. Rxe3 {[%emt 0:00:04]} Qh6 {[%emt 0:02:13]} 26. Nf1 {[%emt 0:03:43]} Qg5 {[%emt 0:04:00]} 27. Qd3 {[%emt 0:01:17]} Qg6 {[%emt 0:02:22]} 28. Ng3 {[%emt 0:02:29]} Rg5 {[%emt 0:00:01]} 29. Qe2 {[%emt 0:01:47]} h5 {[%emt 0:00:54]} 30. Rb2 {[%emt 0:02:05]} h4 {[%emt 0:00:28]} 31. Ne4 {[%emt 0:00:02]} Rgf5 {[%emt 0:00:33]} 32. h3 {[%emt 0:01:48]} Nf6 {[%emt 0:00:50]} 33. Nxf6+ {[%emt 0:01:26]} gxf6 {[%emt 0:00:47]} 34. Re4 {[%emt 0:00:37]} Qh6 {[%emt 0:00:40]} 35. Qe1 {[%emt 0:01:28]} Rf4 {[%emt 0:00:28]} 36. Rbe2 {[%emt 0:00:04]} Kf7 {[%emt 0:01:08]} 37. Rxf4 {[%emt 0:01:09]} Qxf4 {[%emt 0:00:02]} 38. dxe5 {[%emt 0:01:45]} dxe5 {[%emt 0:01:06]} 39. Re4 {[%emt 0:00:10]} Qg3 {[%emt 0:00:22]} 40. Qd2 {[%emt 0:00:08]} Ke7 {[%emt 0:00:49]} 41. Rg4 {[%emt 0:00:11]} Rd8 {[%emt 0:00:33]} 42. Qe2 {[%emt 0:00:12]} Kd6 {[%emt 0:01:35]} 43. Rxg3 {[%emt 0:00:06]} hxg3 {[%emt 0:00:01]} 44. Qe1 {[%emt 0:00:24]} Rg8 {[%emt 0:00:08]} 45. Qe4 {[%emt 0:00:31]} c6 {[%emt 0:00:22]} 46. Qf5 {[%emt 0:00:29]} Rf8 {[%emt 0:01:17]} 47. Qg6 {[%emt 0:00:05]} Kc5 {[%emt 0:00:11]} 48. Qxg3 {[%emt 0:00:34]} Kxc4 {[%emt 0:00:02]} 49. Qe1 {[%emt 0:01:26]} Rd8 {[%emt 0:01:20]} 50. Qe4+ {[%emt 0:01:01]} Kc5 {[%emt 0:00:02]} 51. Qe3+ {[%emt 0:00:38]} Kc4 {[%emt 0:00:20]} 52. Qxb6 {[%emt 0:00:04]} Rd1+ {[%emt 0:00:09]} 53. Kh2 {[%emt 0:00:02]} Kxc3 {[%emt 0:00:26]} 54. Qxc6+ {[%emt 0:00:03]} Kb4 {[%emt 0:00:27]} 55. Qb5+ {[%emt 0:00:13]} 1-0

[Event "Paul Keres Memorial-U20 Girls 2020"]
[Site "Parnu"]
[Date "2020.07.30"]
[Round "4.3"]
[White "Muetsch, Annmarie"]
[Black "Tonso, Liina"]
[Result "1-0"]
[WhiteElo "2219"]
[BlackElo "1862"]
[Annotator "ChessBase"]
[PlyCount "89"]
[EventDate "2020.07.27"]
[EventType "tourn"]
[EventCountry "EST"]
[SourceTitle "playchess.com"]
[Source "ChessBase"]
[SourceQuality "1"]
[TimeControl "5400+30"]

1. e4 {[%emt 0:00:00]} e6 {[%emt 0:00:00]} 2. d4 {[%emt 0:00:00]} d5 {[%emt 0:00:00]} 3. Nd2 {[%emt 0:00:00]} Nf6 {[%emt 0:00:00]} 4. e5 {[%emt 0:00:09]} Nfd7 {[%emt 0:00:10]} 5. c3 {[%emt 0:00:38]} b6 {[%emt 0:01:20]} 6. Nh3 {[%emt 0:02:15]} c5 {[%emt 0:01:54]} 7. Nf4 {[%emt 0:01:57]} Ba6 {[%emt 0:04:45]} 8. Bxa6 {[%emt 0:01:24]} Nxa6 {[%emt 0:00:11]} 9. a3 {[%emt 0:01:47]} Nc7 {[%emt 0:07:41]} 10. Qg4 {[%emt 0:04:19]} g6 {[%emt 0:07:38]} 11. h4 {[%emt 0:02:44]} h5 {[%emt 0:12:56]} 12. Qg3 {[%emt 0:04:19]} Qe7 {[%emt 0:02:42]} 13. Nf3 {[%emt 0:03:42]} Bh6 {[%emt 0:05:39]} 14. Be3 {[%emt 0:08:04]} O-O-O {[%emt 0:11:52]} 15. a4 {[%emt 0:02:39]} Kb7 {[%emt 0:03:13]} 16. a5 {[%emt 0:05:20]} Ne8 {[%emt 0:04:27]} 17. Ng5 {[%emt 0:08:00]} Ng7 {[%emt 0:06:10]} 18. axb6 {[%emt 0:10:01]} axb6 {[%emt 0:01:54]} 19. Qf3 {[%emt 0:00:32]} cxd4 {[%emt 0:00:57]} 20. cxd4 {[%emt 0:02:19]} Nb8 {[%emt 0:03:07]} 21. Nd3 {[%emt 0:06:27]} Nf5 {[%emt 0:01:32]} 22. g3 {[%emt 0:00:41]} Nc6 {[%emt 0:00:58]} 23. Kf1 {[%emt 0:02:52]} Ra8 {[%emt 0:03:02]} 24. Kg2 {[%emt 0:01:50]} Bxg5 {[%emt 0:07:09]} 25. Bxg5 {[%emt 0:03:59]} Qd7 {[%emt 0:00:23]} 26. Be3 {[%emt 0:01:11]} Ncxd4 {[%emt 0:00:48]} 27. Bxd4 {[%emt 0:00:34]} Nxd4 {[%emt 0:00:02]} 28. Qf4 {[%emt 0:00:34]} Nc6 {[%emt 0:01:15]} 29. b4 {[%emt 0:02:36]} Qe7 {[%emt 0:02:18]} 30. Rab1 {[%emt 0:00:58]} Ra3 {[%emt 0:01:29]} 31. Qd2 {[%emt 0:04:33]} Rha8 {[%emt 0:01:41]} 32. Rhc1 {[%emt 0:01:15]} f6 {[%emt 0:00:48]} 33. exf6 {[%emt 0:07:28]} Qxf6 {[%emt 0:00:05]} 34. Rxc6 {[%emt 0:01:04]} Rxd3 {[%emt 0:05:01]} 35. Qxd3 {[%emt 0:02:51]} Kxc6 {[%emt 0:00:06]} 36. Rc1+ {[%emt 0:00:15]} Kd6 {[%emt 0:02:27]} 37. Qb5 {[%emt 0:00:43]} Qd8 {[%emt 0:00:26]} 38. Qc6+ {[%emt 0:01:43]} Ke7 {[%emt 0:00:21]} 39. Qb7+ {[%emt 0:00:39]} Kf6 {[%emt 0:00:53]} 40. Rc7 {[%emt 0:00:34]} Rb8 {[%emt 0:00:29]} 41. Qc6 {[%emt 0:01:15]} Qe8 {[%emt 0:00:41]} 42. Qd6 {[%emt 0:01:53]} g5 {[%emt 0:00:30]} 43. hxg5+ {[%emt 0:00:11]} Kg6 {[%emt 0:00:52]} 44. Re7 {[%emt 0:01:02]} Qg8 {[%emt 0:00:41]} 45. Rxe6+ {[%emt 0:00:30]} 1-0

[Event "Paul Keres Memorial-U20 Girls 2020"]
[Site "Parnu"]
[Date "2020.07.30"]
[Round "4.4"]
[White "Kiolbasa, Oliwia"]
[Black "Olde, Grete"]
[Result "1-0"]
[WhiteElo "2160"]
[BlackElo "1968"]
[Annotator "ChessBase"]
[PlyCount "53"]
[EventDate "2020.07.27"]
[EventType "tourn"]
[EventCountry "EST"]
[SourceTitle "playchess.com"]
[Source "ChessBase"]
[SourceQuality "1"]
[TimeControl "5400+30"]

1. e4 {[%emt 0:00:13]} e5 {[%emt 0:00:00]} 2. Nf3 {[%emt 0:00:07]} Nc6 {[%emt 0:00:00]} 3. Bb5 {[%emt 0:00:10]} a6 {[%emt 0:00:03]} 4. Ba4 {[%emt 0:00:09]} Nf6 {[%emt 0:00:08]} 5. O-O {[%emt 0:00:11]} Be7 {[%emt 0:00:11]} 6. d3 {[%emt 0:00:15]} b5 {[%emt 0:00:24]} 7. Bb3 {[%emt 0:00:10]} d6 {[%emt 0:00:37]} 8. a3 {[%emt 0:00:15]} O-O {[%emt 0:01:26]} 9. Nc3 {[%emt 0:00:18]} Bg4 {[%emt 0:13:38]} 10. Be3 {[%emt 0:00:44]} Na5 {[%emt 0:01:06]} 11. Ba2 {[%emt 0:00:47]} c6 {[%emt 0:00:49]} 12. h3 {[%emt 0:10:50]} Bh5 {[%emt 0:01:53]} 13. b4 {[%emt 0:01:33]} Nb7 {[%emt 0:00:49]} 14. g4 {[%emt 0:14:31]} Bg6 {[%emt 0:05:43]} 15. Ne2 {[%emt 0:01:19]} h5 {[%emt 0:04:08]} 16. g5 {[%emt 0:13:47]} Ne8 {[%emt 0:06:06]} 17. Ng3 {[%emt 0:16:44]} Kh8 {[%emt 0:06:05]} 18. Nf5 {[%emt 0:01:39]} Qd7 {[%emt 0:11:23]} 19. N3h4 {[%emt 0:02:50]} Bd8 {[%emt 0:04:55]} 20. Qf3 {[%emt 0:04:52]} Nc7 {[%emt 0:06:41]} 21. Ng3 {[%emt 0:06:08]} Ne6 {[%emt 0:09:16]} 22. Nxh5 {[%emt 0:10:52]} Be7 {[%emt 0:03:13]} 23. Qg4 {[%emt 0:01:08]} Nbd8 {[%emt 0:01:16]} 24. f4 {[%emt 0:02:46]} exf4 {[%emt 0:04:13]} 25. Nxf4 {[%emt 0:00:14]} Kh7 {[%emt 0:01:48]} 26. Nhxg6 {[%emt 0:01:31]} fxg6 {[%emt 0:01:09]} 27. Nxe6 {[%emt 0:00:16]} 1-0

[Event "Paul Keres Memorial-U20 Girls 2020"]
[Site "Parnu"]
[Date "2020.07.30"]
[Round "4.5"]
[White "Nazarova, Anastasia"]
[Black "Narva, Mai"]
[Result "1-0"]
[WhiteElo "2171"]
[BlackElo "2333"]
[Annotator "ChessBase"]
[PlyCount "137"]
[EventDate "2020.07.27"]
[EventType "tourn"]
[EventCountry "EST"]
[SourceTitle "playchess.com"]
[Source "ChessBase"]
[SourceQuality "1"]
[TimeControl "5400+30"]

1. e4 {[%emt 0:00:00]} c5 {[%emt 0:00:00]} 2. Nf3 {[%emt 0:00:00]} e6 {[%emt 0:00:00]} 3. d4 {[%emt 0:00:00]} cxd4 {[%emt 0:00:00]} 4. Nxd4 {[%emt 0:00:00]} Nc6 {[%emt 0:00:02]} 5. Nc3 {[%emt 0:00:00]} Qc7 {[%emt 0:00:10]} 6. Be3 {[%emt 0:00:00]} a6 {[%emt 0:00:09]} 7. Qf3 {[%emt 0:00:00]} Bd6 {[%emt 0:00:27]} 8. O-O-O {[%emt 0:00:03]} Be5 {[%emt 0:00:10]} 9. Kb1 {[%emt 0:00:06]} Nge7 {[%emt 0:01:37]} 10. g3 {[%emt 0:12:47]} b5 {[%emt 0:08:09]} 11. Qe2 {[%emt 0:07:03]} Rb8 {[%emt 0:05:51]} 12. Bg2 {[%emt 0:07:26]} O-O {[%emt 0:06:51]} 13. f4 {[%emt 0:03:22]} Bxd4 {[%emt 0:01:45]} 14. Bxd4 {[%emt 0:00:05]} Nxd4 {[%emt 0:00:23]} 15. Rxd4 {[%emt 0:00:06]} b4 {[%emt 0:03:17]} 16. Nd1 {[%emt 0:05:05]} a5 {[%emt 0:19:39]} 17. Ne3 {[%emt 0:03:42]} Bb7 {[%emt 0:02:55]} 18. Rhd1 {[%emt 0:04:17]} Rfd8 {[%emt 0:01:40]} 19. e5 {[%emt 0:03:13]} a4 {[%emt 0:05:20]} 20. Bxb7 {[%emt 0:06:42]} Rxb7 {[%emt 0:02:18]} 21. Qd2 {[%emt 0:00:25]} Qc5 {[%emt 0:04:05]} 22. Rc4 {[%emt 0:16:03]} Qb5 {[%emt 0:02:41]} 23. b3 {[%emt 0:04:53]} Nc6 {[%emt 0:06:19]} 24. Qd6 {[%emt 0:02:52]} Ra8 {[%emt 0:05:40]} 25. Rd2 {[%emt 0:05:52]} h6 {[%emt 0:03:21]} 26. Qd3 {[%emt 0:07:45]} Rba7 {[%emt 0:03:32]} 27. h4 {[%emt 0:05:31]} Qb7 {[%emt 0:08:44]} 28. Qe4 {[%emt 0:01:05]} Qb6 {[%emt 0:07:23]} 29. g4 {[%emt 0:01:53]} Ra6 {[%emt 0:01:28]} 30. g5 {[%emt 0:02:48]} hxg5 {[%emt 0:00:28]} 31. hxg5 {[%emt 0:00:12]} Qa7 {[%emt 0:00:34]} 32. Rh2 {[%emt 0:01:11]} Kf8 {[%emt 0:00:30]} 33. Qd3 {[%emt 0:01:09]} Ne7 {[%emt 0:00:28]} 34. Rh8+ {[%emt 0:00:31]} Ng8 {[%emt 0:00:05]} 35. Rxb4 {[%emt 0:00:46]} g6 {[%emt 0:00:49]} 36. Rh7 {[%emt 0:00:32]} axb3 {[%emt 0:00:25]} 37. cxb3 {[%emt 0:00:25]} Rxa2 {[%emt 0:00:40]} 38. Qd6+ {[%emt 0:00:36]} Ne7 {[%emt 0:00:32]} 39. Rh8+ {[%emt 0:00:08]} Kg7 {[%emt 0:00:04]} 40. Rxa8 {[%emt 0:00:21]} Qxa8 {[%emt 0:00:26]} 41. Qxe7 {[%emt 0:00:53]} Ra1+ {[%emt 0:00:46]} 42. Kc2 {[%emt 0:00:14]} Qa2+ {[%emt 0:00:36]} 43. Kd3 {[%emt 0:00:29]} Qb1+ {[%emt 0:00:26]} 44. Nc2 {[%emt 0:00:47]} Ra8 {[%emt 0:00:42]} 45. Qc5 {[%emt 0:00:36]} Ra2 {[%emt 0:00:30]} 46. Qf2 {[%emt 0:00:28]} Qd1+ {[%emt 0:00:30]} 47. Qd2 {[%emt 0:00:08]} Qf3+ {[%emt 0:00:29]} 48. Kd4 {[%emt 0:00:51]} Ra5 {[%emt 0:00:30]} 49. Qe3 {[%emt 0:00:32]} Qd1+ {[%emt 0:00:32]} 50. Kc3 {[%emt 0:00:19]} Ra2 {[%emt 0:00:29]} 51. Qd3 {[%emt 0:00:32]} Qc1 {[%emt 0:00:29]} 52. Qd2 {[%emt 0:00:37]} Qg1 {[%emt 0:00:31]} 53. Rd4 {[%emt 0:00:27]} Qh1 {[%emt 0:00:26]} 54. Qd3 {[%emt 0:00:35]} Qc1 {[%emt 0:00:31]} 55. Qd2 {[%emt 0:00:30]} Qb2+ {[%emt 0:00:30]} 56. Kd3 {[%emt 0:00:27]} Qxb3+ {[%emt 0:00:15]} 57. Qc3 {[%emt 0:00:07]} Qb1 {[%emt 0:00:37]} 58. Kd2 {[%emt 0:00:58]} Qf1 {[%emt 0:00:34]} 59. Qd3 {[%emt 0:00:29]} Qf2+ {[%emt 0:00:36]} 60. Kc3 {[%emt 0:00:14]} Qg1 {[%emt 0:00:31]} 61. Qc4 {[%emt 0:00:45]} Qb1 {[%emt 0:00:30]} 62. Qb3 {[%emt 0:00:23]} Qxb3+ {[%emt 0:00:29]} 63. Kxb3 {[%emt 0:00:06]} Ra7 {[%emt 0:00:12]} 64. Ne3 {[%emt 0:00:20]} Kf8 {[%emt 0:00:11]} 65. Nc4 {[%emt 0:00:39]} Ke7 {[%emt 0:00:31]} 66. Nd6 {[%emt 0:00:11]} Ra1 {[%emt 0:00:34]} 67. Rc4 {[%emt 0:00:39]} Rb1+ {[%emt 0:00:55]} 68. Kc2 {[%emt 0:00:14]} Rb8 {[%emt 0:00:40]} 69. Rc8 {[%emt 0:00:29]} 1-0

[Event "Paul Keres Memorial-U20 Girls 2020"]
[Site "Parnu"]
[Date "2020.07.30"]
[Round "5.1"]
[White "Narva, Mai"]
[Black "Olde, Margareth"]
[Result "1-0"]
[WhiteElo "2333"]
[BlackElo "2201"]
[Annotator "TA"]
[PlyCount "73"]
[EventDate "2020.07.27"]
[EventType "tourn"]
[EventCountry "EST"]
[SourceTitle "playchess.com"]
[Source "ChessBase"]
[SourceQuality "1"]

{[%evp 20,73,19,25,34,28,27,17,26,30,43,14,5,11,42,39,43,31,39,0,106,32,97,23,137,110,251,243,252,229,228,272,282,262,523,551,548,483,702,504,2194,2216,1943,1896,2688,2436,2328,2309,1937,1907,1909,1327,29991,29992,29997,2142]} 1. e4 e5 2. Nf3 Nc6 3. Bb5 a6 4. Ba4 Nf6 5. O-O Be7 6. Re1 b5 7. Bb3 d6 8. c3 O-O 9. h3 Bb7 10. d4 Nd7 11. Nbd2 {[%cal Bb1d2,Bd2f1,Bf1g3][%mdl 32]} exd4 {C92: Closed Ruy Lopez: 9...Be6, Karpov and Flohr-Zaitsev Variations.} 12. cxd4 Re8 13. Nf1 Na5 {The position is equal.} 14. Bc2 c5 15. Ng3 cxd4 16. Nxd4 Bf8 {[#]} 17. Ndf5 $146 ({Predecessor:} 17. a4 Nc6 18. axb5 Nxd4 19. Qxd4 axb5 20. Rxa8 Bxa8 21. Nf5 Qf6 22. Qxf6 Nxf6 23. f3 d5 24. e5 Bb4 25. Re2 {½-½ (25) Brenjo,S (2478)-Blagojevic,D (2490) Ulcinj 2014}) 17... Ne5 18. b3 g6 19. Ne3 h5 {[#]} (19... Nac6 $11 {keeps the balance.}) 20. Bb2 (20. f4 $1 $16) 20... Qg5 (20... Bg7 $14) 21. Kh1 ({White should try} 21. Nd5 $16) 21... Bc6 (21... Bg7 $11 {remains equal.}) 22. Ne2 {Strongly threatening f4.} Qh4 {Loses the game.} (22... Qh6 $16) 23. Qd2 $18 b4 24. f4 Ng4 25. Qd4 {[%csl Gb2][%cal Rd4h8]} f6 26. Nd5 Kg7 $2 (26... Rac8 {keeps fighting.} 27. Rac1 (27. Nxb4 Bb7 $16) 27... Bxd5 28. Qxd5+ {[%mdl 64] Double Attack} Kg7) 27. Kg1 Bxd5 28. hxg4 {aiming for g5.} ({Not} 28. Qxd5 Qf2+ 29. Kh1 Ne3 $17) 28... Bg8 (28... Bf7 $142 29. g3 Nc6 30. gxh4 Nxd4 31. Nxd4 hxg4) 29. g3 Qxg4 (29... Nc6 $142) 30. Qxf6+ Kh6 31. f5 Re7 32. Qh8+ {[%mdl 64] [#] Double Attack} Bh7 33. Bc1+ Qg5 34. Bxg5+ Kxg5 35. Qd4 gxf5 36. exf5 Rae8 37. f6 {Accuracy: White = 73%, Black = 38%.} (37. Qh4+ $142 Kh6 38. Qf6+ {[%mdl 64] Double Attack} Bg6 39. Qxg6#) 1-0

[Event "Paul Keres Memorial-U20 Girls 2020"]
[Site "Parnu"]
[Date "2020.07.30"]
[Round "5.2"]
[White "Olde, Grete"]
[Black "Nazarova, Anastasia"]
[Result "1/2-1/2"]
[WhiteElo "1968"]
[BlackElo "2171"]
[Annotator "ChessBase"]
[PlyCount "259"]
[EventDate "2020.07.27"]
[EventType "tourn"]
[EventCountry "EST"]
[SourceTitle "playchess.com"]
[Source "ChessBase"]
[SourceQuality "1"]
[TimeControl "5400+30"]

1. e4 {[%emt 0:00:00]} e5 {[%emt 0:00:00]} 2. Nf3 {[%emt 0:00:00]} Nc6 {[%emt 0:00:00]} 3. Bb5 {[%emt 0:00:00]} a6 {[%emt 0:00:00]} 4. Ba4 {[%emt 0:00:00]} Nf6 {[%emt 0:00:00]} 5. d3 {[%emt 0:00:02]} b5 {[%emt 0:00:00]} 6. Bb3 {[%emt 0:00:04]} Be7 {[%emt 0:00:00]} 7. O-O {[%emt 0:00:09]} d6 {[%emt 0:00:25]} 8. c3 {[%emt 0:00:16]} O-O {[%emt 0:00:06]} 9. Re1 {[%emt 0:00:28]} Na5 {[%emt 0:00:08]} 10. Bc2 {[%emt 0:00:08]} c5 {[%emt 0:00:07]} 11. Nbd2 {[%emt 0:01:08]} Nc6 {[%emt 0:00:25]} 12. Nf1 {[%emt 0:01:08]} Be6 {[%emt 0:00:28]} 13. Ng3 {[%emt 0:07:28]} Qc7 {[%emt 0:00:16]} 14. Bb3 {[%emt 0:05:28]} h6 {[%emt 0:12:24]} 15. d4 {[%emt 0:07:21]} cxd4 {[%emt 0:04:13]} 16. cxd4 {[%emt 0:00:47]} Bg4 {[%emt 0:10:29]} 17. Be3 {[%emt 0:08:18]} exd4 {[%emt 0:14:38]} 18. Bxd4 {[%emt 0:00:40]} Nd7 {[%emt 0:01:31]} 19. Rc1 {[%emt 0:09:13]} Nc5 {[%emt 0:02:25]} 20. Bd5 {[%emt 0:03:48]} b4 {[%emt 0:22:05]} 21. e5 {[%emt 0:07:34]} Bxf3 {[%emt 0:10:32]} 22. gxf3 {[%emt 0:08:00]} Nxd4 {[%emt 0:04:17]} 23. Bxa8 {[%emt 0:02:09]} dxe5 {[%emt 0:00:47]} 24. Be4 {[%emt 0:09:05]} Rd8 {[%emt 0:00:49]} 25. Rc4 {[%emt 0:02:11]} Qb6 {[%emt 0:02:30]} 26. Qb1 {[%emt 0:02:13]} g6 {[%emt 0:06:03]} 27. Ne2 {[%emt 0:03:56]} Nxe2+ {[%emt 0:04:27]} 28. Rxe2 {[%emt 0:00:06]} Qf6 {[%emt 0:00:27]} 29. Re1 {[%emt 0:03:45]} Ne6 {[%emt 0:02:05]} 30. Qc1 {[%emt 0:03:43]} Nf4 {[%emt 0:00:35]} 31. Kh1 {[%emt 0:01:05]} Qh4 {[%emt 0:02:02]} 32. Rf1 {[%emt 0:01:05]} Qh3 {[%emt 0:00:52]} 33. Rg1 {[%emt 0:00:33]} Bh4 {[%emt 0:00:41]} 34. Qf1 {[%emt 0:03:18]} Qd7 {[%emt 0:00:25]} 35. Rc1 {[%emt 0:03:23]} Qa7 {[%emt 0:00:29]} 36. Rc2 {[%emt 0:00:35]} Qd4 {[%emt 0:00:24]} 37. Rg4 {[%emt 0:00:54]} Bf6 {[%emt 0:00:51]} 38. Qc4 {[%emt 0:02:42]} Qd1+ {[%emt 0:00:31]} 39. Rg1 {[%emt 0:00:06]} Qd4 {[%emt 0:00:29]} 40. Bxg6 {[%emt 0:02:17]} Nxg6 {[%emt 0:00:29]} 41. Rxg6+ {[%emt 0:00:09]} Bg7 {[%emt 0:00:10]} 42. Qxd4 {[%emt 0:00:29]} exd4 {[%emt 0:00:07]} 43. Rxa6 {[%emt 0:00:31]} d3 {[%emt 0:00:38]} 44. Rd2 {[%emt 0:01:03]} Bc3 {[%emt 0:00:37]} 45. Rd1 {[%emt 0:00:37]} Bxb2 {[%emt 0:00:51]} 46. Rxh6 {[%emt 0:01:21]} Rd4 {[%emt 0:00:37]} 47. f4 {[%emt 0:01:43]} d2 {[%emt 0:00:22]} 48. Rh3 {[%emt 0:00:58]} Bc3 {[%emt 0:00:20]} 49. a3 {[%emt 0:00:53]} Re4 {[%emt 0:00:40]} 50. Rg3+ {[%emt 0:00:13]} Kf8 {[%emt 0:00:17]} 51. axb4 {[%emt 0:00:23]} Bxb4 {[%emt 0:00:18]} 52. Rgg1 {[%emt 0:00:47]} Rxf4 {[%emt 0:00:27]} 53. Kg2 {[%emt 0:00:13]} Rf5 {[%emt 0:00:54]} 54. h4 {[%emt 0:00:33]} Bc3 {[%emt 0:00:08]} 55. Rgf1 {[%emt 0:00:38]} Kg7 {[%emt 0:00:22]} 56. f4 {[%emt 0:00:23]} Rc5 {[%emt 0:01:02]} 57. Kf3 {[%emt 0:00:22]} Kh6 {[%emt 0:00:23]} 58. Rg1 {[%emt 0:00:46]} Bb4 {[%emt 0:00:33]} 59. Rb1 {[%emt 0:00:28]} Ba5 {[%emt 0:00:46]} 60. Ke2 {[%emt 0:00:35]} Rc6 {[%emt 0:00:29]} 61. Rb5 {[%emt 0:00:49]} Bc3 {[%emt 0:00:24]} 62. Rbb1 {[%emt 0:01:01]} Ba5 {[%emt 0:00:29]} 63. Rbd1 {[%emt 0:00:45]} Re6+ {[%emt 0:00:17]} 64. Kf3 {[%emt 0:00:11]} Bc3 {[%emt 0:00:41]} 65. f5 {[%emt 0:00:40]} Re1 {[%emt 0:00:29]} 66. Rb1 {[%emt 0:00:20]} Kh7 {[%emt 0:00:38]} 67. f6 {[%emt 0:00:51]} Kh6 {[%emt 0:00:22]} 68. Kf4 {[%emt 0:00:31]} Re6 {[%emt 0:00:36]} 69. Rb5 {[%emt 0:00:37]} Rxf6+ {[%emt 0:00:31]} 70. Ke3 {[%emt 0:00:27]} Re6+ {[%emt 0:00:31]} 71. Kd3 {[%emt 0:00:21]} Re1 {[%emt 0:00:27]} 72. Rb1 {[%emt 0:00:10]} Ba5 {[%emt 0:00:26]} 73. Ra1 {[%emt 0:00:20]} f5 {[%emt 0:00:24]} 74. Rh1 {[%emt 0:01:11]} f4 {[%emt 0:00:15]} 75. Rf1 {[%emt 0:00:29]} f3 {[%emt 0:00:33]} 76. Kc2 {[%emt 0:00:19]} f2 {[%emt 0:00:39]} 77. Rd1 {[%emt 0:00:13]} Kh5 {[%emt 0:00:32]} 78. Rxf2 {[%emt 0:00:21]} Kxh4 {[%emt 0:00:44]} 79. Rf5 {[%emt 0:00:19]} Bc3 {[%emt 0:00:29]} 80. Rc5 {[%emt 0:00:20]} Bf6 {[%emt 0:00:33]} 81. Rxd2 {[%emt 0:00:10]} Re4 {[%emt 0:00:29]} 82. Rg2 {[%emt 0:00:41]} Rg4 {[%emt 0:00:31]} 83. Re2 {[%emt 0:00:20]} Bd4 {[%emt 0:00:29]} 84. Rc7 {[%emt 0:00:14]} Kg3 {[%emt 0:00:27]} 85. Kd3 {[%emt 0:00:18]} Bb6 {[%emt 0:00:31]} 86. Rd7 {[%emt 0:00:30]} Bc5 {[%emt 0:00:18]} 87. Rc2 {[%emt 0:00:22]} Bb6 {[%emt 0:00:24]} 88. Rc1 {[%emt 0:00:35]} Bf2 {[%emt 0:00:37]} 89. Kc3 {[%emt 0:00:21]} Rf4 {[%emt 0:00:34]} 90. Rg7+ {[%emt 0:00:29]} Kf3 {[%emt 0:00:34]} 91. Rd1 {[%emt 0:00:13]} Ke2 {[%emt 0:00:32]} 92. Rd2+ {[%emt 0:00:22]} Kf3 {[%emt 0:00:27]} 93. Rd3+ {[%emt 0:00:24]} Ke2 {[%emt 0:00:11]} 94. Re7+ {[%emt 0:00:30]} Kf1 {[%emt 0:00:16]} 95. Rd1+ {[%emt 0:00:40]} Kg2 {[%emt 0:00:04]} 96. Red7 {[%emt 0:00:16]} Rf3+ {[%emt 0:00:39]} 97. Kc2 {[%emt 0:00:15]} Bg3 {[%emt 0:00:46]} 98. Rg7 {[%emt 0:00:20]} Rf2+ {[%emt 0:01:02]} 99. Kc1 {[%emt 0:00:20]} Rf3 {[%emt 0:00:37]} 100. Rd4 {[%emt 0:00:32]} Rf1+ {[%emt 0:00:21]} 101. Kc2 {[%emt 0:00:05]} Rf2+ {[%emt 0:00:05]} 102. Kd3 {[%emt 0:00:06]} Rf3+ {[%emt 0:00:14]} 103. Kc4 {[%emt 0:00:12]} Kf2 {[%emt 0:00:51]} 104. Rd2+ {[%emt 0:00:26]} Kf1 {[%emt 0:00:49]} 105. Rb7 {[%emt 0:00:35]} Be1 {[%emt 0:00:40]} 106. Rb1 {[%emt 0:00:16]} Re3 {[%emt 0:00:29]} 107. Rh2 {[%emt 0:00:38]} Kg1 {[%emt 0:00:25]} 108. Rc2 {[%emt 0:00:05]} Kf1 {[%emt 0:00:07]} 109. Kd4 {[%emt 0:00:06]} Re8 {[%emt 0:00:16]} 110. Rh2 {[%emt 0:00:23]} Kg1 {[%emt 0:00:12]} 111. Ra2 {[%emt 0:00:10]} Kf1 {[%emt 0:00:10]} 112. Kd3 {[%emt 0:00:07]} Re7 {[%emt 0:00:38]} 113. Rh2 {[%emt 0:00:13]} Rd7+ {[%emt 0:00:44]} 114. Kc4 {[%emt 0:00:10]} Re7 {[%emt 0:00:43]} 115. Rbb2 {[%emt 0:00:28]} Rg7 {[%emt 0:00:57]} 116. Kd3 {[%emt 0:00:57]} Rd7+ {[%emt 0:00:39]} 117. Ke3 {[%emt 0:00:30]} Re7+ {[%emt 0:00:04]} 118. Kf3 {[%emt 0:00:19]} Rf7+ {[%emt 0:00:15]} 119. Ke4 {[%emt 0:00:06]} Re7+ {[%emt 0:00:40]} 120. Kf5 {[%emt 0:00:06]} Rf7+ {[%emt 0:00:44]} 121. Kg6 {[%emt 0:00:18]} Rf2 {[%emt 0:00:43]} 122. Rhxf2+ {[%emt 0:00:21]} Bxf2 {[%emt 0:00:05]} 123. Kf5 {[%emt 0:00:07]} Bc5 {[%emt 0:00:35]} 124. Kg4 {[%emt 0:00:08]} Kg1 {[%emt 0:00:25]} 125. Kg3 {[%emt 0:00:07]} Bd6+ {[%emt 0:00:45]} 126. Kh3 {[%emt 0:00:05]} Kf1 {[%emt 0:00:37]} 127. Rg2 {[%emt 0:00:04]} Bc7 {[%emt 0:00:27]} 128. Rg7 {[%emt 0:00:06]} Bd6 {[%emt 0:00:19]} 129. Kg4 {[%emt 0:00:09]} Kg2 {[%emt 0:00:28]} 130. Kh4+ {[%emt 0:00:07]} 1/2-1/2